Cliquez sur la région par département - Statistiques

Statistiques générales
  • Ce quiz a été pris 405 fois
  • Le résultat moyen est 14 sur 20
Statistiques - réponses
Hint Réponse % Correct
Seine-Saint-Denis Île-de-France
98%
Nord Hauts-de-France
96%
Finistère Bretagne
95%
Haut-Rhin Grand Est
87%
Var Provence-Alpes-Côte d'Azur
85%
Calvados Normandie
81%
Bouches-du-Rhône Provence-Alpes-Côte d'Azur
76%
Val-d'Oise Île-de-France
73%
Hérault Occitanie
71%
Charente Nouvelle Aquitaine
65%
Ain Auvergne-Rhône-Alpes
60%
Jura Bourgogne-Franche-Comté
60%
Vendée Pays de la Loire
60%
Cher Centre-Val de Loire
59%
Ardennes Grand Est
59%
Eure Normandie
51%
Aisne Hauts-de-France
48%
Haute-Vienne Nouvelle Aquitaine
48%
Cantal Auvergne-Rhône-Alpes
46%
Lot Occitanie
44%
Aucun quiz correspondant
Distribution des résultats
% des personnes avec chaque résultat
Percentile par nombre de réponses
Votre historique - résultats
Vous n’avez pas pris ce quiz